|
|
|
|
| LEADER |
01455nam a22003495i 4500 |
| 001 |
27994 |
| 003 |
BD-DhAAL |
| 005 |
20140423145604.0 |
| 008 |
140423s2011 bg a b 001 0 eng d |
| 010 |
|
|
|a 2011323842
|
| 020 |
|
|
|a 9789845060301
|
| 040 |
|
|
|a DLC
|b eng
|c DLC
|e rda
|d DLC
|d BD-DhAAL
|
| 041 |
|
|
|a eng
|
| 050 |
0 |
0 |
|a HC440.8.Z9A-.Z9ZP6 (H17)+
|
| 082 |
0 |
4 |
|2 23
|a 339.46095492
|
| 245 |
0 |
0 |
|a Poverty, intra-household distribution and gender relations in Bangladesh :
|b evidence and policy implications /
|c edited by Mohammad A. Razzaque, Bazlul H. Khondker, Selim Raihan.
|
| 260 |
|
|
|a Dhaka :
|b University Press Limited,
|c 2011
|
| 300 |
|
|
|a xxi, 472 pages :
|b illustrations ;
|c 22 cm
|
| 504 |
|
|
|a Includes bibliographical references and index.
|
| 541 |
|
|
|e 27994
|
| 650 |
|
0 |
|a Poverty
|z Bangladesh.
|9 4314
|
| 650 |
|
0 |
|a Households
|x Economic aspects
|z Bangladesh.
|9 4315
|
| 650 |
|
0 |
|a Income distribution
|z Bangladesh.
|9 4316
|
| 650 |
|
0 |
|a Man-woman relationships
|z Bangladesh.
|9 4317
|
| 650 |
|
0 |
|a Women
|z Bangladesh
|x Social conditions.
|9 4318
|
| 650 |
|
0 |
|a Women
|z Bangladesh
|x Economic conditions.
|9 384
|
| 700 |
1 |
|
|a Razzaque, Mohammad A.
|9 4319
|
| 700 |
1 |
|
|a Khondker, Bazlul H.
|9 4320
|
| 700 |
1 |
|
|a Raihan, Selim.
|9 4321
|
| 942 |
|
|
|2 ddc
|c BK
|
| 999 |
|
|
|c 14299
|d 14299
|
| 952 |
|
|
|0 0
|1 0
|2 ddc
|4 0
|6 339_460954920000000_POV
|7 0
|9 24183
|a IGS
|b IGS
|c GEN
|d 2014-04-23
|e The University Press Limited
|g 900.00
|l 0
|o 339.46095492 POV
|p 3010027994
|r 2014-04-23
|t 1
|w 2014-04-23
|y BK
|